000 00408ntaaa2200169 4500
003 01
005 20251027202742.0
008 0714s1973 ag 01
040 _aAR-BaBN
_bspa
_cAR-BaBN
_eaacr
_dRIC
082 _a790.0000 B69
245 _aRecreation for churches
250 _a1 ed.
260 _aNashville :
_bConvention Press,
_cc1967
300 _ax, 146 p
700 _aBoyd, Bob M
_927572
942 _cBK
999 _c22774
_d22774